Random Russian Words #4 - Statistics

General Stats
  • This quiz has been taken 186 times
  • The average score is 5 of 21
Answer Stats
Russian English % Correct
Крем Cream
68%
Орбита Orbit
64%
Лаванда Lavender
47%
Медуза Jellyfish
43%
Ведро Bucket
38%
Грипп Flu
37%
Гнездо Nest
28%
Ножницы Scissors
27%
Кокон Cocoon
25%
Колибри Hummingbird
25%
Духовка Oven
18%
Куркума Turmeric
18%
Корзина Basket
15%
Лапша Noodles
14%
Горшок Pot
14%
Янтарь Amber
10%
Чернила Ink
10%
Шерсть Wool
8%
Ледник Glacier
7%
Лента Ribbon
7%
Гиря Kettlebell
2%
No matching quizzes found
Score Distribution
Percent of People with Each Score
Percentile by Number Answered
Your Score History
You have not taken this quiz